A day with the animal builders / Sharon Rentta.
The animal builders have a new apprentice. It's Donkey- and he's turning out to be a bit of a disaster.
Record details
- ISBN: 9781435148680
- ISBN: 1435148681
- Physical Description: 1 volume (unpaged) : color illustrations ; 28 cm
- Publisher: London : Scholastic, ©2013.
Search for related items by subject
| Subject: | Dwellings > Design and construction > Fiction. Construction workers > Fiction. Animals > Fiction. |
Available copies
- 1 of 1 copy available at scottsboropl.
Holds
- 0 current holds with 1 total copy.
Show Only Available Copies
| Location | Call Number / Copy Notes | Barcode | Shelving Location | Status | Due Date |
|---|---|---|---|---|---|
| scottsboropl | E Ren | 32269000973043 | Juvenile - Easy | Available | - |
| LDR | 01163cam a2200337 i 4500 | ||
|---|---|---|---|
| 001 | 140195 | ||
| 003 | CONS | ||
| 005 | 20151117114906.0 | ||
| 008 | 131017s2013 enka b 000 1 eng | ||
| 010 | . | ‡a 2013363850 | |
| 020 | . | ‡a9781435148680 | |
| 020 | . | ‡a1435148681 | |
| 035 | . | ‡a(CPomAG)LMN591057 | |
| 042 | . | ‡alcac ‡apcc | |
| 050 | 0 | 0. | ‡aPZ7.R2952 ‡bDay 2013 |
| 082 | 0 | 0. | ‡a[E] ‡223 |
| 100 | 1 | . | ‡aRentta, Sharon, ‡eauthor, ‡eillustrator. |
| 245 | 1 | 0. | ‡aA day with the animal builders / ‡cSharon Rentta. |
| 264 | 1. | ‡aLondon : ‡bScholastic, ‡c©2013. | |
| 300 | . | ‡a1 volume (unpaged) : ‡bcolor illustrations ; ‡c28 cm | |
| 336 | . | ‡atext ‡2rdacontent | |
| 336 | . | ‡astill image ‡2rdacontent | |
| 337 | . | ‡aunmediated ‡2rdamedia | |
| 338 | . | ‡avolume ‡2rdacarrier | |
| 520 | . | ‡aThe animal builders have a new apprentice. It's Donkey- and he's turning out to be a bit of a disaster. | |
| 650 | 1. | ‡aDwellings ‡xDesign and construction ‡vFiction. | |
| 650 | 1. | ‡aConstruction workers ‡vFiction. | |
| 650 | 1. | ‡aAnimals ‡vFiction. | |
| 914 | . | ‡aSCP_jd | |
| 959 | . | ‡i32269000973043 ‡lE Ren ‡aJuvenile - Easy ‡tEasy ‡g16.00 | |
| 852 | . | ‡p32269000973043 ‡jE Ren ‡gJuvenile - Easy ‡cEasy ‡y16.00 ‡bSBPL | |
| 901 | . | ‡a140195 ‡bUnknown ‡c140195 ‡tbiblio | |